[Event "Munich OIS op 37th"]
[Site "Munich"]
[Date "2017.10.02"]
[Round "3"]
[White "Hoehfeld, Markus"]
[Black "Hoefelsauer, Thomas"]
[Result "0-1"]
[WhiteElo "1966"]
[BlackElo "2336"]
[PlyCount "72"]
[EventDate "2017.09.30"]
[EventType "swiss"]
[EventRounds "9"]
[EventCountry "GER"]
[SourceTitle "CBM 181 Extra"]
[Source "ChessBase"]
[SourceDate "2017.12.12"]
[SourceVersion "1"]
[SourceVersionDate "2017.12.12"]
[SourceQuality "1"]

1. d4 Nf6 2. Nf3 d5 3. e3 c5 4. b3 cxd4 5. exd4 Nc6 6. Bb2 Bf5 7. a3 e6 8. Bd3 Bxd3 9. Qxd3 Be7 10. Nbd2 0-0 11. 0-0 Rc8 12. Ne5 Nxe5 13. dxe5 Nd7 14. Rac1 Qa5 15. b4 Qc7 16. f4 a5 17. c4 axb4 18. cxd5 Qb6+ 19. Bd4 Bc5 20. Rxc5 Nxc5 21. Qe3 bxa3 22. Ne4 Qb3 23. Nxc5 Qxe3+ 24. Bxe3 exd5 25. Ra1 Ra8 26. Ra2 Rfc8 27. Kf2 b6 28. Nd7 Rc4 29. Nxb6 Rb4 30. Nxd5 Rb2+ 31. Rxb2 axb2 32. Nc3 Rc8 33. Nb1 Rc1 34. Na3 Ra1 35. Bd4 Rxa3 36. Bxb2 Ra2 0-1